Statistics for Categories of Trivia Crack

Click here to take the quiz!

General Stats

  • This quiz has been taken 43 times
  • The average score is 5 of 6

Answer Stats

Color Category % Correct
YellowHistory
95%
GreenScience
90%
BlueGeography
90%
RedArt
85%
OrangeSports
85%
PinkEntertainment
79%

Score Distribution

Percentile by Number Answered

Percent of People with Each Score

Your Score History

You have not taken this quiz